000 00496nam a2200181Ia 4500
008 240925s9999 xx 000 0 und d
020 _a71007423
082 _a621.381952 HAM
100 _aHamacher, ,Clark V.; Vranesic, Zvonko G.; Zaky, Safwat G.
245 0 _aComputer Organization
250 _a3rd
260 _aNew York:
_bMcGraw-Hill
_c,1990.
300 _aiv,532p.
_bNA
_fOriginal
500 _aIncludes Index
600 _aEngineering Technology
650 _aTechnology
942 _cBK
999 _c2587
_d2587